O Ministério Público como garantia orgânica dos direitos fundamentais nas relações de trabalho / (Record no. 890)

MARC details
000 -LÍDER
Campo Fixo de Controle 00818nam a2200253 a 4500
001 - NÚMERO DE CONTROLE
Campo de Controle 890
003 - IDENTIFICAÇÃO DO NÚMERO DE CONTROLE
Campo de Controle BR-CuiBMT
005 - DATA E HORA DA ÚLTIMA ATUALIZAÇÃO
Campo de Controle 20231212144328.0
008 - DADOS FIXOS
Dados Fixos 231122s2019 dfba 000 0 por d
020 ## - INTERNATIONAL STANDARD BOOK NUMBER
Nº do ISBN 9788595270350
040 ## - AGÊNCIA CATALOGADORA
Código da Agência Catalogadora BR-CuiBMT
Agência que transcreveu o registro BR-CuiBMT
080 ## - Nº DA CLASSIFICAÇÃO DECIMAL UNIVERSAL
Nº Class. CDU 347.963:349.2
Nº edição CDU 2007
090 ## - NÚMERO DE CHAMADA
Nº classificação 347.963:349.2
Cutter C957m
100 10 - ENTRADA PRINCIPAL -- AUTOR PESSOAL
Nome pessoal Cruz, Mário Luiz Vieira
245 12 - TÍTULO PRINCIPAL
Título principal O Ministério Público como garantia orgânica dos direitos fundamentais nas relações de trabalho /
Indicação de responsabilidade Mário Luiz Vieira Cruz.
260 ## - PUBLICAÇÃO, DISTRIBUIÇÃO, ETC.
Local de publicação Brasília :
Editora ESMPU,
Data 2019.
300 ## - DESCRIÇÃO FÍSICA
N. páginas ou volumes 550 p. :
Ilustrações il. ;
Dimensões 23 cm
504 ## - NOTA DE BIBLIOGRAFIA, ETC.
Nota de bibliografia inclui índice.
650 ## - ASSUNTO TÓPICO
Cabeçalho tópico ou nome geográfico Ministério público do trabalho
Subdivisão geográfica Brasil
650 ## - ASSUNTO TÓPICO
Cabeçalho tópico ou nome geográfico Relações trabalhistas
Subdivisão geográfica Brasil
650 ## - ASSUNTO TÓPICO
Cabeçalho tópico ou nome geográfico Direitos fundamentais
650 ## - ASSUNTO TÓPICO
Cabeçalho tópico ou nome geográfico Direito do trabalhador
942 ## - ELEMENTOS DE ENTRADA ADICIONAIS (KOHA)
Fonte de classificação ou esquema de arquivamento Classificação Decimal Universal
Tipo de item do Koha Livros
Holdings
Estado: removido Estado: perdido Fonte de classificação ou esquema de arquivamento Estado: danificado Indisponível para empréstimo Localização permanente Localização atual Data de aquisição Total Checkouts Número de Chamada completo Código de barras Date last seen Número do exemplar Preço efetivo a partir de Tipo de item (Koha)
    Classificação Decimal Universal     Biblioteca da Escola Superior de Contas do TCE/MT Biblioteca da Escola Superior de Contas do TCE/MT 03/06/2019   347.963:349.2 C957m BIBTCEMT23110873 22/11/2023 Ex. 1 22/11/2023 Livros
    Classificação Decimal Universal     Biblioteca da Escola Superior de Contas do TCE/MT Biblioteca da Escola Superior de Contas do TCE/MT 03/06/2019   347.963:349.2 C957m BIBTCEMT23110874 22/11/2023 Ex. 2 22/11/2023 Livros

Powered by Koha